Masery a lasery
Salvato in:
| Autore principale: | |
|---|---|
| Natura: | Libro |
| Lingua: | inglese |
| Pubblicazione: |
Bratislava :
Alfa,
1969
|
| Edizione: | 1. vyd. |
| Tags: |
Nessun Tag, puoi essere il primo ad aggiungerne!!
|
MARC
| LEADER | 00000nam a22000003a 4500 | ||
|---|---|---|---|
| 001 | stu53340 | ||
| 005 | 20260122094202.2 | ||
| 008 | 000427s1969----cs------------------eng-d | ||
| 040 | |a STU |b slo | ||
| 041 | 0 | |a eng | |
| 044 | |a cs | ||
| 080 | |a 621.375.9 | ||
| 100 | 1 | |a Klejman, Herman |4 aut | |
| 245 | 1 | |a Masery a lasery | |
| 250 | |a 1. vyd. | ||
| 260 | |a Bratislava : |b Alfa, |c 1969 | ||
| 300 | |a 306 s. | ||
| 996 | |b E22344 |c E*22344 |l EE11 |s P |a 0 |w stu53340_0001 | ||
| 996 | |b 284EK04267 |c E*22027 |l EE01 |s A |a 24 |w stu53340_0002 | ||
| 996 | |b 284EK91163 |c E* 91163 |l EE0101 |s P |a 0 |w stu53340_0003 | ||